[Event "?"]
[Site "ICS Rated blitz match, 192.23"]
[Date "1997.??.??"]
[Round "?"]
[White "Brause"]
[Black "brit"]
[Result "1-0"]
[WhiteElo "2740"]
[BlackElo "2025"]
[PlyCount "63"]

1. e4 e5 2. Nf3 Nc6 3. Nc3 Nf6 4. Nxe5 Nxe5 5. d4 Ng6 6. e5 Qe7 7. Qe2 Ng8 8.
f4 f5 9. Bd2 c6 10. O-O-O d5 11. Qd3 Be6 12. Be2 Qd7 13. Bh5 O-O-O 14. Rhf1 Bb4
15. g3 N8e7 16. Na4 Bxd2+ 17. Rxd2 Kb8 18. Nc5 Qc8 19. c3 Nf8 20. Kb1 g6 21.
Bf3 Bf7 22. Re1 Ne6 23. Nb3 Ka8 24. Re3 b6 25. Re1 Rd7 26. Qe3 Rhd8 27. Qd3 c5
28. dxc5 bxc5 29. c4 Nc7 30. Nxc5 Be6 31. Red1 Kb8 32. Qb3+ 1-0

[Event "?"]
[Site "ICS Rated blitz match, 192.23"]
[Date "1997.??.??"]
[Round "?"]
[White "Brause"]
[Black "brit"]
[Result "1-0"]
[WhiteElo "2740"]
[BlackElo "2020"]
[PlyCount "49"]

1. e4 e5 2. Nf3 Nc6 3. Nc3 Nf6 4. Nxe5 Nxe5 5. d4 Ng6 6. e5 Qe7 7. f4 Ng8 8.
Bc4 f5 9. O-O c6 10. a3 d5 11. exd6 Qxd6 12. b3 Nf6 13. a4 Qc7 14. Re1+ Kd8 15.
d5 Bc5+ 16. Kh1 cxd5 17. Nxd5 Nxd5 18. Bxd5 Bd7 19. Bb2 Nxf4 20. Bxg7 Re8 21.
Rxe8+ Kxe8 22. Qf3 Nxd5 23. Qxd5 Qd6 24. Qg8+ Ke7 25. Re1+ 1-0

[Event "?"]
[Site "ICS Rated blitz match, 192.23"]
[Date "1997.??.??"]
[Round "?"]
[White "Brause"]
[Black "brit"]
[Result "1-0"]
[WhiteElo "2740"]
[BlackElo "2020"]
[PlyCount "88"]

1. e4 e5 2. Nf3 Nc6 3. Nc3 Nf6 4. Nxe5 Nxe5 5. d4 Ng6 6. e5 Qe7 7. Qe2 Ng8 8.
f4 c6 9. Be3 d5 10. O-O-O h5 11. Qd3 Nh6 12. Be2 Bf5 13. Qd2 Ng4 14. Bg1 h4 15.
Bd3 Qe6 16. Bxf5 Qxf5 17. Rf1 O-O-O 18. Ne2 Be7 19. Rf3 Kb8 20. Kb1 Rde8 21.
Ka1 Bd8 22. b3 Bb6 23. Kb1 Nh6 24. Be3 Qe6 25. Qd3 Nf5 26. Bc1 Nge7 27. Ba3 g6
28. Bb2 Ka8 29. Rd1 Nc8 30. Rff1 Bc7 31. Rfe1 Nb6 32. Rf1 Nd7 33. Nc3 Nf8 34.
Na4 Qc8 35. Qc3 Ne6 36. Ba3 b6 37. Qxc6+ Qb7 38. Qc3 Rc8 39. Qd3 Bd8 40. c3 Be7
41. Bxe7 Qxe7 42. Rf3 Qa3 43. Qa6 Kb8 44. Qb5 Kb7 1-0

[Event "?"]
[Site "ICS Rated blitz match, 192.23"]
[Date "1997.??.??"]
[Round "?"]
[White "Brause"]
[Black "brit"]
[Result "1-0"]
[WhiteElo "2740"]
[BlackElo "2020"]
[PlyCount "69"]

1. e4 e5 2. Nf3 Nc6 3. Nc3 Nf6 4. Nxe5 Nxe5 5. d4 Ng6 6. e5 Qe7 7. Qe2 Ng8 8.
f4 f5 9. Bd2 c6 10. O-O-O d5 11. Qd3 Nh6 12. Be2 Be6 13. g3 O-O-O 14. Kb1 Qd7
15. Bc1 Kb8 16. b3 Be7 17. Rhf1 Rhf8 18. Na4 b6 19. Nc3 Nf7 20. g4 Rde8 21.
gxf5 Bxf5 22. Qe3 Nh6 23. Ba6 Ng4 24. Qg3 h5 25. h3 h4 26. Qg2 Nh6 27. Rf3 Bb4
28. a3 Bxc3 29. Rxc3 Be4 30. Qg5 Re6 31. Rf1 Rf5 32. Qg1 Qf7 33. Qf2 Nf8 34.
Qxh4 Rg6 35. Qd8# 1-0

[Event "?"]
[Site "ICS Rated blitz match, 192.23"]
[Date "1997.??.??"]
[Round "?"]
[White "Brause"]
[Black "brit"]
[Result "1-0"]
[WhiteElo "2740"]
[BlackElo "2020"]
[PlyCount "33"]

1. e4 e5 2. Nf3 Nc6 3. Nc3 Nf6 4. Nxe5 Nxe5 5. d4 Ng6 6. e5 Qe7 7. f4 Ng8 8.
Bc4 c6 9. O-O d5 10. exd6 Qxd6 11. f5 N6e7 12. Bxf7+ Kd8 13. Ne4 Qc7 14. Be6
Nf6 15. Ng5 Qb6 16. Nf7+ Kc7 17. Bf4# 1-0

[Event "?"]
[Site "ICS Rated blitz match, 192.23"]
[Date "1997.??.??"]
[Round "?"]
[White "Brause"]
[Black "brit"]
[Result "1-0"]
[WhiteElo "2740"]
[BlackElo "2020"]
[PlyCount "35"]

1. e4 e5 2. Nf3 Nc6 3. Nc3 Nf6 4. Nxe5 Nxe5 5. d4 Ng6 6. e5 Qe7 7. f4 Ng8 8.
Bc4 f5 9. O-O Qb4 10. Qd3 N8e7 11. Bd2 Qb6 12. Rab1 c6 13. b4 Qc7 14. d5 cxd5
15. Nb5 Qxc4 16. Nd6+ Kd8 17. Nxc4 dxc4 18. Qxc4 1-0

[Event "?"]
[Site "ICS Rated blitz match, 192.23"]
[Date "1997.??.??"]
[Round "?"]
[White "Brause"]
[Black "brit"]
[Result "1-0"]
[WhiteElo "2740"]
[BlackElo "2020"]
[PlyCount "109"]

1. e4 e5 2. Nf3 Nc6 3. Nc3 Nf6 4. Nxe5 Nxe5 5. d4 Ng6 6. e5 Bb4 7. exf6 Qxf6 8.
Bc4 O-O 9. O-O Bxc3 10. bxc3 d6 11. Be3 Be6 12. Bxe6 fxe6 13. Qe2 Rae8 14. Qb5
b6 15. Qa6 Nh4 16. f4 Nf5 17. Rae1 Nxe3 18. Rxe3 e5 19. fxe5 Qxf1+ 20. Qxf1
Rxf1+ 21. Kxf1 dxe5 22. dxe5 Kf7 23. Ke2 Ke6 24. c4 Rf8 25. Kd3 Rf5 26. c5 Rxe5
27. cxb6 axb6 28. Rxe5+ Kxe5 29. c4 c6 30. Kc3 Ke4 31. a3 Ke3 32. Kb4 Kf2 33.
a4 Kxg2 34. h4 h5 35. c5 bxc5+ 36. Kc4 Kg3 37. a5 Kxh4 38. a6 Kg3 39. a7 h4 40.
a8=Q h3 41. Qb8+ Kg2 42. Qb2+ Kg3 43. Qxg7+ Kf2 44. Qg5 h2 45. Qxc5+ Kg2 46.
Qxc6+ Kg1 47. Qc5+ Kf1 48. Qf5+ Kg2 49. Qe4+ Kg1 50. Qg6+ Kf2 51. Qc6 Kg1 52.
Qb6+ Kg2 53. Qb2+ Kg1 54. Qd4+ Kg2 55. Qg4+ 1-0

[Event "?"]
[Site "ICS Rated blitz match, 192.23"]
[Date "1997.??.??"]
[Round "?"]
[White "Brause"]
[Black "brit"]
[Result "1-0"]
[WhiteElo "2740"]
[BlackElo "2020"]
[PlyCount "111"]

1. e4 e5 2. Nf3 Nc6 3. Nc3 Nf6 4. Nxe5 Nxe5 5. d4 Ng6 6. e5 Bb4 7. exf6 Qxf6 8.
Bc4 O-O 9. O-O Bxc3 10. bxc3 d6 11. Be3 Be6 12. Bxe6 fxe6 13. Qe2 Kh8 14. Qb5
b6 15. Rad1 Nh4 16. Bg5 Qf5 17. Qxf5 Nxf5 18. g4 Nh6 19. Bxh6 gxh6 20. f3 Rae8
21. Kf2 h5 22. g5 h4 23. Ke3 e5 24. d5 Rf4 25. Rf2 Ref8 26. a3 Ra4 27. Ra1 Rc4
28. Kd3 Rcf4 29. Ke2 Rc4 30. Kd2 Rcf4 31. Raf1 Ra4 32. Kd3 Rxa3 33. f4 exf4 34.
Rxf4 Rxf4 35. Rxf4 Kg7 36. Rc4 Kg6 37. Rxc7 Kxg5 38. Rd7 Ra1 39. Rxd6 Rh1 40.
Rd7 Rxh2 41. Rxa7 Rf2 42. d6 Rf8 43. Rb7 h5 44. Rxb6 h3 45. Ke4 h2 46. Rb1 Kg4
47. c4 Kg3 48. c5 Kg2 49. d7 h1=Q 50. Rxh1 Kxh1 51. c6 h4 52. c7 h3 53. d8=Q
Rxd8 54. cxd8=Q h2 55. Kf3 Kg1 56. Qd1# 1-0

[Event "?"]
[Site "ICS Rated blitz match, 192.23"]
[Date "1997.??.??"]
[Round "?"]
[White "Brause"]
[Black "brit"]
[Result "1-0"]
[WhiteElo "2740"]
[BlackElo "2020"]
[PlyCount "119"]

1. e4 e5 2. Nf3 Nc6 3. Nc3 Nf6 4. Nxe5 Nxe5 5. d4 Ng6 6. e5 Bb4 7. exf6 Qxf6 8.
Bc4 O-O 9. O-O Bxc3 10. bxc3 d6 11. Be3 Be6 12. Bxe6 fxe6 13. Qe2 Rf7 14. h3 e5
15. Rae1 Nf4 16. Bxf4 exf4 17. Qf3 c6 18. Re2 Raf8 19. Rfe1 Qf5 20. c4 Qa5 21.
a3 Qa4 22. Qb3 Qxb3 23. cxb3 f3 24. Rb2 fxg2 25. Kxg2 Rf3 26. Re6 R3f6 27. Rbe2
Rxe6 28. Rxe6 Rf6 29. Rxf6 gxf6 30. Kf3 Kf7 31. Ke4 Kg6 32. Kf4 f5 33. Ke3 Kg5
34. Kf3 d5 35. Kg3 b6 36. Kf3 a6 37. Kg3 f4+ 38. Kf3 Kf5 39. h4 a5 40. cxd5
cxd5 41. h5 h6 42. Ke2 Ke4 43. Kd1 Kxd4 44. Kd2 f3 45. Kc2 b5 46. a4 bxa4 47.
bxa4 Kc4 48. Kd2 Kb4 49. Kd3 Kxa4 50. Kd4 Kb3 51. Kxd5 a4 52. Ke4 a3 53. Kxf3
a2 54. Kg3 a1=Q 55. f4 Qf6 56. Kg4 Kc3 57. Kf3 Kd3 58. Kg4 Ke3 59. Kh3 Qxf4 60.
Kg2 1-0

[Event "?"]
[Site "ICS Rated blitz match, 192.23"]
[Date "1997.??.??"]
[Round "?"]
[White "Brause"]
[Black "brit"]
[Result "1-0"]
[WhiteElo "2740"]
[BlackElo "2020"]
[PlyCount "67"]

1. e4 e5 2. Nf3 Nc6 3. Nc3 Nf6 4. Nxe5 Nxe5 5. d4 Ng6 6. e5 Bb4 7. exf6 Qxf6 8.
Bc4 O-O 9. O-O Bxc3 10. bxc3 d6 11. Rb1 b6 12. Be3 Be6 13. Bxe6 fxe6 14. Qe2
Rf7 15. h3 e5 16. d5 Nf4 17. Bxf4 Qxf4 18. Rb4 Qf5 19. Rb2 a5 20. Qc4 Raf8 21.
Qe2 Qf4 22. Rb3 Qa4 23. a3 Qh4 24. Qe3 Rf6 25. Qe2 Rg6 26. Qd3 Rf4 27. Rb2 Ra4
28. Qb5 Rf4 29. Kh1 Rgf6 30. Qd7 Rxf2 31. Qd8+ Rf8 32. Qxh4 Rxf1+ 33. Kh2 R1f2
34. Qe7 1-0

[Event "?"]
[Site "ICS Rated blitz match, 192.23"]
[Date "1997.??.??"]
[Round "?"]
[White "Brause"]
[Black "brit"]
[Result "1/2-1/2"]
[WhiteElo "2740"]
[BlackElo "2020"]
[PlyCount "101"]

1. e4 e5 2. Nf3 Nc6 3. Nc3 Nf6 4. Nxe5 Nxe5 5. d4 Ng6 6. e5 Bb4 7. exf6 Qxf6 8.
Bc4 O-O 9. O-O Bxc3 10. bxc3 d6 11. Be3 Be6 12. Bxe6 fxe6 13. Qe2 Rf7 14. h3 e5
15. Rae1 Nf4 16. Bxf4 exf4 17. Qf3 c6 18. Re2 Raf8 19. Rfe1 Qf5 20. Rc1 Qa5 21.
Ra1 Qb6 22. d5 c5 23. a4 Qb2 24. Rae1 b5 25. axb5 Qxb5 26. Re6 Qb6 27. Re7 a5
28. Rxf7 Rxf7 29. Re8+ Rf8 30. Rxf8+ Kxf8 31. Qxf4+ Kg8 32. Qe4 h6 33. g4 Qa6
34. Kg2 a4 35. Qe8+ Kh7 36. Qe4+ Kg8 37. Qe6+ Kh7 38. Qf5+ Kg8 39. Qd7 a3 40.
Qc6 Qa5 41. Qxd6 a2 42. Qe6+ Kh7 43. Qe4+ Kg8 44. Qe8+ Kh7 45. Qe4+ Kg8 46. d6
a1=Q 47. Qe6+ Kh7 48. Qf5+ Kg8 49. Qe6+ Kh7 50. Qf5+ Kg8 51. Qe6+ 1/2-1/2

[Event "?"]
[Site "ICS Rated blitz match, 192.23"]
[Date "1997.??.??"]
[Round "?"]
[White "Brause"]
[Black "brit"]
[Result "1-0"]
[WhiteElo "2725"]
[BlackElo "2035"]
[PlyCount "49"]

1. e4 e5 2. Nf3 Nc6 3. Nc3 Nf6 4. Nxe5 Nxe5 5. d4 Ng6 6. e5 Bb4 7. exf6 Qxf6 8.
Bc4 O-O 9. O-O Bxc3 10. bxc3 d6 11. Rb1 b6 12. Be3 Be6 13. Bxe6 fxe6 14. Qe2 e5
15. d5 Nf4 16. Qc4 Rf7 17. Rb4 Qg6 18. g3 Nh3+ 19. Kg2 Qf5 20. Qh4 Qf3+ 21.
Kxh3 Rf5 22. Qe7 Rh5+ 23. Rh4 Qf5+ 24. Kg2 Qe4+ 25. Rxe4 1-0

[Event "?"]
[Site "ICS Rated blitz match, 192.23"]
[Date "1997.??.??"]
[Round "?"]
[White "Brause"]
[Black "brit"]
[Result "1-0"]
[WhiteElo "2725"]
[BlackElo "2035"]
[PlyCount "47"]

1. e4 e5 2. Nf3 Nc6 3. Nc3 Nf6 4. Nxe5 Nxe5 5. d4 Ng6 6. e5 Bb4 7. exf6 Qxf6 8.
Bc4 O-O 9. O-O Bxc3 10. bxc3 d6 11. Rb1 b6 12. Be3 Be6 13. Bxe6 fxe6 14. Qe2
Rf7 15. h3 e5 16. d5 Raf8 17. Rb4 a5 18. Rg4 Ne7 19. Qb5 Qf5 20. Rc1 h6 21. Qc4
Qd7 22. Bxh6 Rxf2 23. Rxg7+ Kh8 24. Qh4 1-0

[Event "?"]
[Site "ICS Rated blitz match, 192.23"]
[Date "1997.??.??"]
[Round "?"]
[White "Brause"]
[Black "brit"]
[Result "1-0"]
[WhiteElo "2725"]
[BlackElo "2035"]
[PlyCount "60"]

1. e4 e5 2. Nf3 Nc6 3. Nc3 Nf6 4. Nxe5 Nxe5 5. d4 Ng6 6. e5 Bb4 7. exf6 Qxf6 8.
Bc4 O-O 9. O-O Bxc3 10. bxc3 d6 11. Rb1 b6 12. Be3 Be6 13. Bxe6 fxe6 14. Qe2
Rf7 15. Rb5 e5 16. d5 a6 17. Rb4 a5 18. Rg4 Nf4 19. Qd2 Raf8 20. Re1 Kh8 21.
Rb1 Qe7 22. h3 Ng6 23. Qd3 Qd7 24. Re4 Nf4 25. Qc4 Qf5 26. Kh2 Qg6 27. Bxf4
exf4 28. Rg1 Qf6 29. Qd4 Qxd4 30. cxd4 Kg8 1-0

[Event "?"]
[Site "ICS Rated blitz match, 208.19"]
[Date "1997.??.??"]
[Round "?"]
[White "Brause"]
[Black "Fitter"]
[Result "1-0"]
[WhiteElo "2600"]
[BlackElo "2640"]
[PlyCount "177"]

1. e4 e5 2. Nf3 Nf6 3. Nc3 Nc6 4. Nxe5 Nxe5 5. d4 Ng6 6. e5 Ng8 7. Bc4 c5 8.
Qf3 f6 9. Qd5 Qb6 10. Qf7+ Kd8 11. Bd3 N8e7 12. exf6 gxf6 13. dxc5 Qe6+ 14.
Qxe6 dxe6 15. Be3 Bd7 16. O-O Bg7 17. Rad1 f5 18. Bb5 Nf8 19. Bd2 Kc7 20. a4
Rg8 21. Bxd7 Nxd7 22. Nb5+ Kc6 23. Ba5 Nc8 24. Nc7 Rb8 25. Nxe6 Bxb2 26. Nd8+
Rxd8 27. Bxd8 Nxc5 28. a5 h6 29. Bh4 f4 30. f3 Nd6 31. Bf2 Re8 32. Bd4 Bxd4+
33. Rxd4 Ne6 34. Rd3 Nc4 35. Rc3 Kc5 36. Re1 Ng7 37. Rb1 Re7 38. Rcb3 b6 39.
axb6 Nxb6 40. Rb5+ Kd4 41. Rd1+ Kc4 42. Ra5 Rc7 43. Rda1 Nc8 44. Ra6 h5 45.
R1a3 Kd5 46. Rd3+ Ke5 47. Ra5+ Ke6 48. c3 Nd6 49. Ra4 Nc4 50. Rd4 Ne5 51. Re4
Rxc3 52. Ra5 Rc1+ 53. Kf2 Rc2+ 54. Ke1 Rxg2 55. Rexe5+ Kf6 56. Rec5 Rg1+ 57.
Kf2 Rb1 58. Rc6+ Ne6 59. Rxh5 Rb2+ 60. Ke1 Rb1+ 61. Kd2 Rb2+ 62. Kd1 Rb1+ 63.
Kc2 Re1 64. Ra6 Re5 65. Rh7 Kf5 66. Rf7+ Kg5 67. Kc3 Re2 68. Kc4 Rc2+ 69. Kd3
Nc5+ 70. Kxc2 Nxa6 71. Rb7 Kf5 72. h4 Kf6 73. Rxa7 Nb4+ 74. Kc3 Nd5+ 75. Kd4
Ne3 76. Ke4 Nc4 77. Ra6+ Kg7 78. h5 Ne3 79. h6+ Kh7 80. Kxf4 Nc4 81. Kg5 Ne5
82. Ra7+ Kh8 83. f4 Nc6 84. Rc7 Ne7 85. Rxe7 Kg8 86. Kf6 Kf8 87. Rf7+ Ke8 88.
h7 Kd8 89. h8=Q# 1-0

[Event "?"]
[Site "ICS Rated blitz match, 208.19"]
[Date "1997.??.??"]
[Round "?"]
[White "Brause"]
[Black "mszczesny"]
[Result "1-0"]
[WhiteElo "2585"]
[BlackElo "2455"]
[PlyCount "31"]

1. e4 e5 2. Nf3 Nc6 3. Nc3 Nf6 4. Nxe5 d6 5. Nxc6 bxc6 6. Be2 d5 7. O-O d4 8.
e5 dxc3 9. exf6 gxf6 10. dxc3 Rg8 11. Qxd8+ Kxd8 12. Bf3 Bh3 13. Bxc6 a5 14.
Bxa8 Kc8 15. Be3 Kb8 16. Bc6 1-0

[Event "?"]
[Site "ICS Rated blitz match, 208.19"]
[Date "1997.??.??"]
[Round "?"]
[White "Brause"]
[Black "knightrunner"]
[Result "1-0"]
[WhiteElo "2545"]
[BlackElo "2020"]
[PlyCount "37"]

1. e4 e5 2. Nf3 Nc6 3. Nc3 Nf6 4. Nxe5 Nxe5 5. d4 Ng6 6. e5 Ng8 7. Bc4 Bb4 8.
Qf3 Qe7 9. O-O Bxc3 10. bxc3 Nh6 11. g3 O-O 12. Qh5 d6 13. Bxh6 gxh6 14. f4
dxe5 15. f5 Nh8 16. f6 Qd7 17. Qxh6 Qg4 18. Bd3 e4 19. Bxe4 1-0

[Event "?"]
[Site "ICS Rated blitz match, 208.19"]
[Date "1997.??.??"]
[Round "?"]
[White "Brause"]
[Black "sss20"]
[Result "1-0"]
[WhiteElo "2535"]
[BlackElo "1915"]
[PlyCount "27"]

1. e4 e5 2. Nf3 Nc6 3. Nc3 Nf6 4. Nxe5 Nxe5 5. d4 Nc6 6. d5 Nb8 7. e5 Ng8 8. d6
Nc6 9. Nb5 cxd6 10. exd6 Qa5+ 11. Bd2 Qb6 12. Nc7+ Kd8 13. Nxa8 Bxd6 14. Nxb6
1-0

[Event "?"]
[Site "ICS Rated blitz match, 208.19"]
[Date "1997.??.??"]
[Round "?"]
[White "Brause"]
[Black "sss20"]
[Result "1-0"]
[WhiteElo "2535"]
[BlackElo "1915"]
[PlyCount "61"]

1. e4 e5 2. Nf3 Nc6 3. Nc3 Nf6 4. Nxe5 Nxe5 5. d4 Bb4 6. dxe5 Bxc3+ 7. bxc3
Nxe4 8. Qg4 d5 9. Qxg7 Rf8 10. Bh6 Qe7 11. Bd3 Bf5 12. Qxf8+ Qxf8 13. Bxf8 Kxf8
14. f3 Rd8 15. Rf1 Bg6 16. fxe4 dxe4 17. Bc4 Kg7 18. h4 h5 19. Rf4 c6 20. g4 b5
21. gxh5 Bxh5 22. Be2 Bg6 23. h5 Bh7 24. Rf6 Re8 25. h6+ Kf8 26. Bh5 Rxe5 27.
Rxf7+ Kg8 28. O-O-O Rxh5 29. Rg7+ Kh8 30. Rd8+ Bg8 31. Rdxg8# 1-0

[Event "?"]
[Site "ICS Rated blitz match, 208.19"]
[Date "1997.??.??"]
[Round "?"]
[White "Brause"]
[Black "StephenTaylor"]
[Result "1-0"]
[WhiteElo "2495"]
[BlackElo "2105"]
[PlyCount "61"]

1. e4 e5 2. Nf3 Nc6 3. Nc3 Nf6 4. Nxe5 Nxe5 5. d4 Ng6 6. e5 Ng8 7. Bc4 d5 8.
Bxd5 Bb4 9. Qf3 Bxc3+ 10. bxc3 Qd7 11. Bxb7 Bxb7 12. Qxb7 Rd8 13. Rb1 N8e7 14.
O-O O-O 15. Ba3 Rfe8 16. Qxa7 Nd5 17. Rb3 Ngf4 18. Kh1 Qg4 19. Rg1 Ne2 20. h3
Qe4 21. f3 Qf4 22. Re1 Qd2 23. Rbb1 Ndxc3 24. Bb4 Qxd4 25. Qxd4 Rxd4 26. Rb3
Rb8 27. Bxc3 Rxb3 28. Bxd4 Ng3+ 29. Kh2 Rb4 30. c3 Rc4 31. Kxg3 1-0

[Event "?"]
[Site "ICS Rated blitz match, 208.19"]
[Date "1997.??.??"]
[Round "?"]
[White "Brause"]
[Black "Milton"]
[Result "1-0"]
[WhiteElo "2545"]
[BlackElo "2735"]
[PlyCount "113"]

1. e4 e5 2. Nf3 Nc6 3. Nc3 Nf6 4. Nxe5 Nxe5 5. d4 Ng6 6. e5 Ng8 7. Bc4 Bb4 8.
Qf3 Bxc3+ 9. bxc3 f5 10. h4 d6 11. h5 Nf8 12. exd6 cxd6 13. O-O Qe7 14. Ba3 Nf6
15. Rfe1 Ne4 16. Qe2 Ne6 17. Bxe6 Qxe6 18. f3 d5 19. Qe3 b5 20. fxe4 fxe4 21.
Rf1 a6 22. Rf2 Qg4 23. Rf4 Qe6 24. Raf1 Kd8 25. Rf8+ Rxf8 26. Rxf8+ Kc7 27.
Qg3+ Kb7 28. Qxg7+ Bd7 29. Rf7 Rd8 30. Bc1 Kc8 31. Be3 Qc6 32. Bg5 Re8 33. Qxh7
e3 34. Bh4 e2 35. Be1 Qe6 36. Qg7 Qg4 37. Qxg4 Bxg4 38. h6 Be6 39. Rg7 Bf5 40.
h7 Bxh7 41. Rxh7 Rf8 42. Rh1 Rf1+ 43. Kh2 Kd7 44. g4 a5 45. g5 Ke6 46. Kg2 Rxh1
47. Kxh1 a4 48. Kg2 Kf5 49. Kf3 Kxg5 50. Bd2+ Kf6 51. Kxe2 Kf5 52. Kf3 Ke6 53.
Kg4 Kf6 54. Bg5+ Ke6 55. Kf4 Kd6 56. Kf5 a3 57. Bc1 1-0

[Event "?"]
[Site "ICS Rated blitz match, 208.19"]
[Date "1997.??.??"]
[Round "?"]
[White "Brause"]
[Black "babulina"]
[Result "1-0"]
[WhiteElo "2590"]
[BlackElo "2260"]
[PlyCount "37"]

1. e4 e5 2. Nf3 Nc6 3. Nc3 Nf6 4. Nxe5 Nxe5 5. d4 Ng6 6. e5 Ng8 7. Bc4 Bb4 8.
Qf3 Qe7 9. O-O Bxc3 10. bxc3 h5 11. Ba3 d6 12. exd6 cxd6 13. Rae1 Be6 14. d5
O-O-O 15. dxe6 f6 16. Bd5 Ne5 17. Qe3 Kb8 18. Rb1 b6 19. Rxb6+ 1-0

[Event "?"]
[Site "ICS Rated blitz match, 208.19"]
[Date "1997.??.??"]
[Round "?"]
[White "Brause"]
[Black "babulina"]
[Result "1-0"]
[WhiteElo "2595"]
[BlackElo "2250"]
[PlyCount "43"]

1. e4 e5 2. Nf3 Nc6 3. Nc3 Nf6 4. Nxe5 Nxe5 5. d4 Ng6 6. e5 Ng8 7. Bc4 Bb4 8.
Qf3 Bxc3+ 9. bxc3 Qe7 10. O-O Nh6 11. g3 O-O 12. Bxh6 gxh6 13. h4 h5 14. Qxh5
d6 15. exd6 Qxd6 16. Qf3 c6 17. Rfb1 Ne7 18. Re1 Nd5 19. Re5 Be6 20. Rae1 Rae8
21. Bxd5 Bxd5 22. Qg4+ 1-0

[Event "?"]
[Site "ICS Rated blitz match, 208.19"]
[Date "1997.??.??"]
[Round "?"]
[White "Brause"]
[Black "babulina"]
[Result "1-0"]
[WhiteElo "2575"]
[BlackElo "2275"]
[PlyCount "43"]

1. e4 e5 2. Nf3 Nc6 3. Nc3 Nf6 4. Nxe5 Nxe5 5. d4 Nc6 6. d5 Ne5 7. f4 Ng6 8. e5
Ng8 9. d6 cxd6 10. exd6 Qf6 11. Nb5 Kd8 12. Be3 b6 13. Qd5 Qe6 14. Qxa8 Qxe3+
15. Kd1 Bxd6 16. g3 Qc5 17. Nxa7 N8e7 18. Ba6 Qd5+ 19. Qxd5 Nxd5 20. Nxc8 Bc5
21. Na7 Nb4 22. Bc4 1-0

[Event "?"]
[Site "ICS Rated blitz match, 208.19"]
[Date "1997.??.??"]
[Round "?"]
[White "Brause"]
[Black "Buffos"]
[Result "1-0"]
[WhiteElo "2580"]
[BlackElo "2605"]
[PlyCount "49"]

1. e4 e5 2. Nf3 Nc6 3. Nc3 Nf6 4. Nxe5 Nxe5 5. d4 Ng6 6. e5 Ng8 7. Bc4 Bb4 8.
Qf3 Qe7 9. O-O c6 10. Ne4 b5 11. Bxb5 Nh4 12. Qe2 Nf5 13. c3 cxb5 14. Qxb5 a5
15. Re1 Ba6 16. Qd5 Rc8 17. a3 Bc4 18. Qb7 Qd8 19. axb4 Rb8 20. Qa7 axb4 21.
Bg5 Qc8 22. g4 Bd5 23. gxf5 Bxe4 24. Rxe4 bxc3 25. bxc3 1-0

[Event "?"]
[Site "ICS Rated blitz match, 208.19"]
[Date "1997.??.??"]
[Round "?"]
[White "Brause"]
[Black "Buffos"]
[Result "0-1"]
[WhiteElo "2585"]
[BlackElo "2575"]
[PlyCount "164"]

1. e4 e5 2. Nf3 Nc6 3. Nc3 Nf6 4. Nxe5 Nxe5 5. d4 Ng6 6. e5 Ng8 7. Bc4 Bb4 8.
Qf3 Qe7 9. O-O Bxc3 10. bxc3 Nh6 11. g3 O-O 12. Bxh6 gxh6 13. h4 d6 14. h5 Nh8
15. exd6 Qxd6 16. Rfe1 Rb8 17. Bd3 f5 18. Bc4+ Nf7 19. Rab1 b6 20. Re3 Bd7 21.
Rbe1 Rbe8 22. Rxe8 Bxe8 23. Qxf5 Bd7 24. Qd5 Kh8 25. Bb3 Bg4 26. f4 a5 27. Qxd6
Nxd6 28. Re5 Ne8 29. Re7 Bxh5 30. Kg2 Bg6 31. Ba4 Nf6 32. Rxc7 Nd5 33. Rc6 Bf5
34. Kg1 Bd7 35. Rd6 Bxa4 36. Rxd5 Rc8 37. c4 Rxc4 38. Rd8+ Kg7 39. Rb8 Rxc2 40.
a3 b5 41. Ra8 Rc3 42. Kf2 Rxa3 43. Rxa5 h5 44. Ra7+ Kg6 45. Rd7 b4 46. Rb7 b3
47. Ke2 Ra2+ 48. Kd3 Rg2 49. d5 Rxg3+ 50. Ke4 h4 51. f5+ Kg5 52. Ke5 Re3+ 53.
Kd4 Rf3 54. d6 Rxf5 55. Rxh7 Bc6 56. Kc3 Rf3+ 57. Kb2 Rd3 58. Rc7 Rxd6 59. Rg7+
Rg6 60. Re7 h3 61. Re2 Kg4 62. Kxb3 Kg3 63. Kc4 h2 64. Rxh2 Kxh2 65. Kc5 Re6
66. Kc4 Kg3 67. Kd4 Kf4 68. Kd3 Bf3 69. Kd4 Rd6+ 70. Kc5 Ke5 71. Kb4 Kd4 72.
Kb3 Be2 73. Kc2 Rb6 74. Kc1 Bg4 75. Kd2 Bf5 76. Ke2 Be4 77. Kf2 Rg6 78. Ke2
Rg2+ 79. Kd1 Kd3 80. Ke1 Bf3 81. Kf1 Ke3 82. Ke1 Rg1# 0-1

[Event "?"]
[Site "ICS Rated blitz match, 208.19"]
[Date "1997.??.??"]
[Round "?"]
[White "Brause"]
[Black "MrCool"]
[Result "1-0"]
[WhiteElo "2525"]
[BlackElo "2100"]
[PlyCount "23"]

1. e4 e5 2. Nf3 Nc6 3. Nc3 Nf6 4. Nxe5 Nxe5 5. d4 Ng6 6. e5 Ng8 7. Bc4 Bb4 8.
Qf3 Qe7 9. O-O Bxc3 10. bxc3 h6 11. Ba3 Qe6 12. Bxe6 1-0

[Event "?"]
[Site "ICS Rated blitz match, 208.19"]
[Date "1997.??.??"]
[Round "?"]
[White "Brause"]
[Black "deep-modem"]
[Result "1-0"]
[WhiteElo "2575"]
[BlackElo "2785"]
[PlyCount "113"]

1. e4 e5 2. Nf3 Nf6 3. Nc3 Nc6 4. Nxe5 Nxe5 5. d4 Ng6 6. e5 Ng8 7. Bc4 d6 8.
Qf3 Qd7 9. O-O dxe5 10. dxe5 Nxe5 11. Re1 Bd6 12. Bf4 f6 13. Bb5 c6 14. Rad1
Qe6 15. Qg3 Kf8 16. Bxe5 Bxe5 17. f4 cxb5 18. fxe5 Qb6+ 19. Re3 Bf5 20. Rd6 Qc5
21. Rd5 Qc7 22. Nxb5 Qxc2 23. exf6 Nxf6 24. Nd4 Qb1+ 25. Re1 Qxe1+ 26. Qxe1
Nxd5 27. Nxf5 Kf7 28. Qe5 Rhd8 29. Qxg7+ Ke6 30. Nd4+ Kd6 31. Qh6+ Ke5 32. Nf3+
Kf5 33. Qxh7+ Ke6 34. Ng5+ Kf6 35. Qh6+ Kf5 36. Nf7 Rdb8 37. g4+ Kxg4 38. Qe6+
Kf3 39. Qxd5+ Ke3 40. Qe5+ Kd2 41. h4 Kc1 42. Nd6 Rg8+ 43. Kf2 Kb1 44. a3 Raf8+
45. Ke3 Rg4 46. h5 Rh4 47. Ne4 Ka1 48. a4 Rh3+ 49. Ng3 Rf7 50. b4+ Kb1 51. Qe4+
Ka1 52. Qg6 Rf1 53. Qg4 Rfh1 54. Qd4+ Ka2 55. Qd5+ Ka3 56. Qxh1 Rxg3+ 57. Kf4
1-0

[Event "?"]
[Site "ICS Rated blitz match, 208.19"]
[Date "1997.??.??"]
[Round "?"]
[White "Brause"]
[Black "nyul"]
[Result "1-0"]
[WhiteElo "2610"]
[BlackElo "2165"]
[PlyCount "173"]

1. e4 e5 2. Nf3 Nc6 3. Nc3 Nf6 4. Nxe5 Nxe5 5. d4 Bb4 6. dxe5 Nxe4 7. Qg4 Nxc3
8. Qxb4 Nd5 9. Qg4 g6 10. Bc4 d6 11. Qf3 c6 12. Bxd5 cxd5 13. Qxd5 dxe5 14.
Qxe5+ Qe7 15. Qxe7+ Kxe7 16. Bd2 Be6 17. Bb4+ Kd7 18. O-O-O+ Kc7 19. Rhe1 Rhd8
20. Rd2 Rxd2 21. Kxd2 Rd8+ 22. Kc3 Kc6 23. b3 Rd7 24. f4 h5 25. g3 b6 26. a4 a5
27. Bf8 Rd5 28. Re2 Rd7 29. Bg7 Rd5 30. Bd4 Rd7 31. Re5 Rd5 32. Re1 Rd7 33. Rc1
Rd5 34. Rd1 Bf5 35. Rd2 Be6 36. Kd3 Bf5+ 37. Ke3 Rd7 38. Kf3 Bg4+ 39. Ke4 Rd5
40. Rf2 Bf5+ 41. Ke3 Rd7 42. Rd2 Re7+ 43. Kf2 Rd7 44. Ke1 Re7+ 45. Kf1 Rd7 46.
Kf2 Bh3 47. Ke2 Bg4+ 48. Kd3 Bf5+ 49. Kc3 Rd5 50. Re2 Be6 51. Bf6 Rd7 52. Re3
Rd5 53. Be7 Rd7 54. Bf8 Rd5 55. Re4 Rd7 56. Bg7 Rd1 57. Bd4 Rh1 58. Re2 Rf1 59.
Re5 Rh1 60. Rb5 Rxh2 61. Rxb6+ Kd5 62. Rb5+ Ke4 63. Rxa5 Bf5 64. Re5+ Kf3 65.
Re3+ Kg4 66. Kb4 Rxc2 67. a5 Ra2 68. Bb6 h4 69. gxh4 Kxf4 70. Re7 Be6 71. Rb7
Kg4 72. Bd8 f5 73. Rg7 Kh5 74. Rh7+ Kg4 75. Re7 Bd5 76. Rg7 Kh5 77. Rd7 Be4 78.
Bg5 Kg4 79. Rd4 Kh5 80. Kb5 Bf3 81. b4 Be2+ 82. Kb6 Rc2 83. a6 Rc8 84. a7 Bf3
85. b5 Re8 86. Kc7 Re7+ 87. Bxe7 1-0